Bakugan, battle brawlers. Vol. 6 ... Read More
Record details
- ISBN: 1419892681
- ISBN: 9781419892684
- Physical Description: 1 videodisc (111 min.) : sd., col. ; 4 3/4 in.
- Publisher: Burbank, CA : Distributed by Warner Home Video, 2010
Content descriptions
| General Note: | Title from container. Originally broadcast on the Cartoon Network in 2009. |
| Formatted Contents Note: | 22. Drago's on fire -- 23. Say it ain't so Joe -- ... Read More |
| Participant or Performer Note: | English language voice: Mitchell Eisner. |
| Summary, etc.: | Dan and Drago continue to rack up the wins! Drago ... Read More |
| Target Audience Note: | TV-Y7-FV. |
| System Details Note: | DVD, region 1, full screen (1.33:1) presentation; ... Read More |
| Terms Governing Use and Reproduction Note: | This DVD disc is copy protected. |
| Language Note: | English subtitles for the deaf and hard of ... Read More |
Search for related items by subject
| Subject: | Games > Drama. Battles > Drama. Loyalty > Drama. Friendship > Drama. |
| Genre: | Fantasy television programs. Science fiction television programs. Animated television programs. Television programs for the hearing impaired. Fiction television programs. Television series. |
Search for related items by series
| LDR | 02608cgm a2200601Ia 4500 | ||
|---|---|---|---|
| 001 | 110951 | ||
| 003 | LARL_NWRL_CONSORTIUM | ||
| 005 | 20100126161808.0 | ||
| 007 | vd cvaizs | ||
| 008 | 100106s2010 cau111 vaeng d | ||
| 020 | . | ‡a1419892681 | |
| 020 | . | ‡a9781419892684 | |
| 024 | 1 | . | ‡a883929105403 |
| 028 | 4 | 2. | ‡a1000118272 ‡bWarner Home Video |
| 028 | 4 | 2. | ‡a3000027443 ‡bWarner Home Video |
| 035 | . | ‡a(OCoLC)496023934 | |
| 082 | 0 | 4. | ‡a791.45/75 ‡222 |
| 245 | 0 | 0. | ‡aBakugan, battle brawlers. ‡nVol. 6 ‡h[DVD/videorecording] ‡bTime for battle / ‡cSega Toys/Spin Master ; Nelvana. |
| 246 | 1 | 8. | ‡aTime for battle |
| 260 | . | ‡aBurbank, CA : ‡bDistributed by Warner Home Video, ‡c2010 | |
| 300 | . | ‡a1 videodisc (111 min.) : ‡bsd., col. ; ‡c4 3/4 in. | |
| 490 | 0 | . | ‡aBakugan, battle brawlers |
| 538 | . | ‡aDVD, region 1, full screen (1.33:1) presentation; Dolby Digital 2.0 stereo. | |
| 546 | . | ‡aEnglish subtitles for the deaf and hard of hearing. | |
| 500 | . | ‡aTitle from container. | |
| 511 | 0 | . | ‡aEnglish language voice: Mitchell Eisner. |
| 500 | . | ‡aOriginally broadcast on the Cartoon Network in 2009. | |
| 521 | 8 | . | ‡aTV-Y7-FV. |
| 520 | . | ‡aDan and Drago continue to rack up the wins! Drago transforms into the awesomely powerful Delta Dragonoid II. But the Brawlers' loyalty is put to the ultimate test when Masquerade threatens to send the Bakugan to the Doom Dimension once and for all! | |
| 505 | 0 | 0. | ‡g22. ‡tDrago's on fire -- ‡g23. ‡tSay it ain't so Joe -- ‡g24. ‡tThe secret of success -- ‡g25. ‡tTrust me -- ‡g26. ‡tDoom Dimension or bust. |
| 540 | . | ‡aThis DVD disc is copy protected. | |
| 650 | 0. | ‡aGames ‡vDrama. | |
| 650 | 0. | ‡aBattles ‡vDrama. | |
| 650 | 0. | ‡aLoyalty ‡vDrama. | |
| 650 | 0. | ‡aFriendship ‡vDrama. ‡0(LARL_NWRL_CONSORTIUM)172253 | |
| 655 | 0. | ‡aFantasy television programs. ‡0(LARL_NWRL_CONSORTIUM)175667 | |
| 655 | 0. | ‡aScience fiction television programs. ‡0(LARL_NWRL_CONSORTIUM)175696 | |
| 655 | 0. | ‡aAnimated television programs. ‡0(LARL_NWRL_CONSORTIUM)175705 | |
| 655 | 0. | ‡aTelevision programs for the hearing impaired. ‡0(LARL_NWRL_CONSORTIUM)175639 | |
| 655 | 0. | ‡aFiction television programs. ‡0(LARL_NWRL_CONSORTIUM)175627 | |
| 655 | 0. | ‡aTelevision series. ‡0(LARL_NWRL_CONSORTIUM)175797 | |
| 700 | 1 | . | ‡aEisner, Mitchell. |
| 901 | . | ‡a110951 ‡bOCLC ‡c110951 ‡tbiblio | |

Add to basket
Permalink
Disable Highlighting